| Tag |
First Indicator |
Second Indicator |
Subfields |
| LEADER |
00000cam a2200000Ia 4500 |
| 001 |
in00002007116 |
| 005 |
20220105141537.0 |
| 006 |
m d |
| 007 |
cr cnu---unuuu |
| 008 |
031212s2003 cau sb 000 0 eng d |
| 020 |
|
|
|a 078796719X (electronic bk.)
|
| 035 |
|
|
|a (OCoLC)ocm53898742
|
| 040 |
|
|
|a N$T
|c N$T
|d OCLCQ
|d UtOrBLW
|
| 049 |
|
|
|a IKMN
|
| 050 |
1 |
4 |
|a BV4509.5
|b .F375 2003eb
|
| 082 |
0 |
4 |
|a 242
|2 22
|
| 100 |
1 |
|
|a Farrington, Debra K.
|0 http://id.loc.gov/authorities/names/n96097737
|
| 245 |
1 |
0 |
|a Learning to hear with the heart :
|b meditations for discerning God's will /
|c Debra K. Farrington.
|
| 250 |
|
|
|a 1st ed.
|
| 264 |
|
1 |
|a San Francisco, CA :
|b Jossey-Bass,
|c [2003]
|
| 264 |
|
4 |
|c ©2003
|
| 300 |
|
|
|a xxvi, 133 pages
|
| 336 |
|
|
|a text
|b txt
|2 rdacontent
|
| 337 |
|
|
|a computer
|b c
|2 rdamedia
|
| 338 |
|
|
|a online resource
|b cr
|2 rdacarrier
|
| 504 |
|
|
|a Includes bibliographical references (pages 129-132).
|
| 505 |
0 |
|
|a Ask the right question -- Who do you say I am? -- Follow your own path -- Join God's club -- Is your prayer too small? -- Read the Bible again -- Keep an open and hearing heart -- Pay attention, listen, and learn -- Hearing the heart's desire -- Name your gifts -- Listen to your body -- Two hearing hearts are better than one -- Holiness in the oddest places -- Quiet the hamsters -- Pockets of trust and surrender -- Seeing yourself as God sees you -- Consult the truth tellers -- Experience and discernment -- Examining the heart -- The blessing of friends -- Wise guides -- Just keep trying -- Play and pray -- Discernment when God is AWOL -- A little reason, a little imagination -- My life would be better if ... -- Waiting rooms -- This is your life -- Small steps -- Getting the right answer.
|
| 533 |
|
|
|a Electronic reproduction.
|b Boulder, Colo. :
|c NetLibrary,
|d 2003.
|n Available via World Wide Web.
|n Access may be limited to NetLibrary affiliated libraries.
|
| 500 |
|
|
|a Electronic resource.
|
| 650 |
|
0 |
|a Christian life
|v Meditations.
|0 http://id.loc.gov/authorities/subjects/sh2008100660
|
| 650 |
|
0 |
|a Discernment (Christian theology)
|v Meditations.
|
| 650 |
|
0 |
|a God
|x Will
|v Meditations.
|
| 655 |
|
7 |
|a Electronic books.
|2 local
|
| 710 |
2 |
|
|a NetLibrary, Inc.
|0 http://id.loc.gov/authorities/names/no99080690
|
| 776 |
1 |
|
|c Original
|z 0787967165
|w (DLC) 2002152400
|w (OCoLC)50919863
|
| 856 |
4 |
1 |
|u https://proxy.library.tamu.edu/login?url=http://www.netLibrary.com/urlapi.asp?action=summary&v=1&bookid=100953
|z Connect to the full text of this electronic book
|t 0
|
| 994 |
|
|
|a 92
|b IKM
|
| 999 |
|
|
|a MARS
|
| 999 |
f |
f |
|s ef192cf7-f9a5-36f7-b133-502cb7bc4640
|i 8f0659ac-4051-3c21-98eb-ec6baf51ef9b
|t 0
|
| 952 |
f |
f |
|a Texas A&M University
|b College Station
|c Electronic Resources
|d Available Online
|t 0
|e BV4509.5 .F375 2003eb
|h Library of Congress classification
|
| 998 |
f |
f |
|a BV4509.5 .F375 2003eb
|t 0
|l Available Online
|